书目信息 |
| 题名: |
室内设计与装修工程
|
|
| 作者: | 章锦荣, , 王倩, 编著 | |
| 分册: | ||
| 出版信息: | 天津 天津人民美术出版社 2003.7 |
|
| 页数: | 186页 | |
| 开本: | 29cm | |
| 丛书名: | ||
| 单 册: | ||
| 中图分类: | TU238 , TU767 | |
| 科图分类: | ||
| 主题词: | 室内装修--shi nei zhuang xiu , 室内设计--shi nei she ji--室内装修 | |
| 电子资源: | ||
| ISBN: | 7-5305-2165-9 | |
| 000 | 01053nam0 2200277 45 | |
| 001 | 012003083399 | |
| 005 | 20061115162846.23 | |
| 010 | @a7-5305-2165-9@dCNY41.00@z7-5305-2265-9 | |
| 100 | @a20031226d2003 em y0chiy0121 ea | |
| 101 | 0 | @achi |
| 102 | @aCN@b120000 | |
| 105 | @aa z 000yy | |
| 200 | 1 | @a室内设计与装修工程@Ashi nei she ji yu zhuang xiu gong cheng@f章锦荣, 王倩编著 |
| 210 | @a天津@c天津人民美术出版社@d2003.7 | |
| 215 | @a186页@c图@d29cm | |
| 314 | @a王倩(1979-), 女, 毕业于天津美术学院装潢专业, 现任四维艺术设计工作室设计师, 著有《室内设计与装修工程》等。 | |
| 314 | @a章锦荣(1954-), 现任河北工业大学艺术设计系副教授, 著有《室内设计效果图基础技法》等。 | |
| 330 | @a本书解答了室内设计师在设计实践中将接触到的众多方面的内容与问题。 | |
| 606 | 0 | @a室内装修@Ashi nei zhuang xiu |
| 606 | 0 | @a室内设计@Ashi nei she ji@x室内装修 |
| 690 | @aTU238@v4 | |
| 690 | @aTU767@v4 | |
| 701 | 0 | @a章锦荣,@Azhang jin rong@f1954-@4编著 |
| 701 | 0 | @a王倩,@Awang qian@f1979-@4编著 |
| 801 | 0 | @aCN@c20061115 |
| 905 | @a10447@dTU238@eZ265 | |
| 室内设计与装修工程/章锦荣, 王倩编著.-天津:天津人民美术出版社,2003.7 |
| 186页:图;29cm |
| ISBN 7-5305-2165-9:CNY41.00 |
| 本书解答了室内设计师在设计实践中将接触到的众多方面的内容与问题。 |
| ● |
| 相关链接 |
|
|
|
正题名:室内设计与装修工程
索取号:TU238/Z265
 
预约/预借
| 序号 | 登录号 | 条形码 | 馆藏地/架位号 | 状态 | 备注 |
| 1 | 637829 | 206378294 | 建筑库101/101建筑库 51排3列1层/ [索取号:TU238/Z265] | 在馆 | |
| 2 | 637830 | 206378301 | 建筑库101/101建筑库 51排3列1层/ [索取号:TU238/Z265] | 在馆 | |
| 3 | 637831 | 206378310 | 建筑库101/101建筑库 51排3列1层/ [索取号:TU238/Z265] | 在馆 |